Chanceliers fédéraux d'Allemagne - Statistiques

Statistiques générales
  • Ce quiz a été pris 54 fois
  • Le résultat moyen est 6 sur 9
Statistiques - réponses
Période Réponse % Correct
2005 - 2021 Angela Merkel
100%
1949 - 1963 Konrad Adenauer
82%
2021 - _ _ _ Olaf Scholz
80%
1982 - 1998 Helmut Kohl
75%
1998 - 2005 Gerhard Schröder
64%
1969 - 1974 Willy Brandt
59%
1974 - 1982 Helmut Schmidt
52%
1966 - 1969 Kurt Georg Kiesinger
32%
1963 - 1966 Ludwig Erhard
27%
Aucun quiz correspondant
Distribution des résultats
% des personnes avec chaque résultat
Percentile par nombre de réponses
Votre historique - résultats
Vous n’avez pas pris ce quiz